| 000 | 00622nam a22002177a 4500 | ||
|---|---|---|---|
| 003 | OSt | ||
| 020 | _a9789350741726 | ||
| 082 |
_a658.3 _bPRA/HU |
||
| 100 | _aPrashantha | ||
| 245 |
_aHuman resource management: _btheory and practice |
||
| 260 |
_aNew Delhi _bAbhijeet Publications _c2015 |
||
| 300 | _a170p. | ||
| 546 | _aEnglish | ||
| 650 | _aHuman resource management-an introduction | ||
| 650 | _aHuman resources planning | ||
| 650 | _aRecruitment and selection | ||
| 650 | _aTraining and development | ||
| 650 | _aWage and salary administration | ||
| 650 | _aEmployee welfare and safety | ||
| 942 |
_2ddc _cBK |
||
| 999 |
_c156373 _d156373 |
||